Guess footballer by his transfer #2 - Statistics

General Stats
  • This quiz has been taken 35 times
  • The average score is 6 of 10
Answer Stats
Year from to Answer % Correct
2020 Bayer Leverkusen Chelsea Kai Havertz
93%
2009 AC Milan Real Madrid Ricardo Kaká
90%
2012 Delfino Pescar PSG Marco Verratti
67%
2020 FC Barcelona Wolverhampton Nélson Semedo
63%
2019 KRC Genk Brighton Leandro Trossard
57%
2022 LOSC Lille AFC Fiorentina Jonathan Ikone
53%
2006 Borussia Dortmund Arsenal Tomas Rosicky
53%
2013 FC Porto AS Monaco João Moutinho
47%
2014 Valencia Bayern Juan Bernat
43%
2017 Galatasaray RB Lipsk Bruma
27%
No matching quizzes found
Score Distribution
Percent of People with Each Score
Percentile by Number Answered
Your Score History
You have not taken this quiz